[Event "Leipzig VfB op 25th"]
[Site "Leipzig"]
[Date "2018.03.24"]
[Round "7"]
[White "Mueller, Sylvio"]
[Black "Schmuck, Joerg"]
[Result "0-1"]
[WhiteElo "1325"]
[BlackElo "1391"]
[PlyCount "52"]
[EventDate "2018.03.20"]
[EventType "swiss"]
[EventRounds "9"]
[EventCountry "GER"]
[SourceTitle "CBM 183 Extra"]
[Source "ChessBase"]
[SourceDate "2018.04.19"]
[SourceVersion "1"]
[SourceVersionDate "2018.04.19"]
[SourceQuality "1"]

1. d4 e5 2. d5 d6 3. Nc3 Nf6 4. Bg5 Be7 5. e4 0-0 6. Nf3 h6 7. Be3 Nbd7 8. Bd3 Nc5 9. Bxc5 dxc5 10. Nxe5 a6 11. Qe2 Nd7 12. Nxd7 Bxd7 13. 0-0 b5 14. Qe3 c4 15. Be2 Re8 16. f4 f6 17. f5 Bd6 18. Bh5 Qe7 19. Bxe8 Bc5 20. Qxc5 Qxc5+ 21. Rf2 Rxe8 22. Kf1 b4 23. Ne2 Rxe4 24. Ng3 Re8 25. Rd1 Bb5 26. Kg1 a5 0-1

[Event "Leipzig VfB op 25th"]
[Site "Leipzig"]
[Date "2018.03.22"]
[Round "4"]
[White "Krongraf, Henryk"]
[Black "Schmuck, Joerg"]
[Result "1-0"]
[WhiteElo "1740"]
[BlackElo "1391"]
[PlyCount "39"]
[EventDate "2018.03.20"]
[EventType "swiss"]
[EventRounds "9"]
[EventCountry "GER"]
[SourceTitle "CBM 183 Extra"]
[Source "ChessBase"]
[SourceDate "2018.04.19"]
[SourceVersion "1"]
[SourceVersionDate "2018.04.19"]
[SourceQuality "1"]

1. d4 e5 2. dxe5 Nc6 3. Nf3 Qe7 4. Nc3 Nxe5 5. Qd5 Nxf3+ 6. Qxf3 c6 7. e4 d6 8. Be3 Nf6 9. Bc4 g6 10. h3 Bg7 11. 0-0-0 0-0 12. Rhe1 Be6 13. Bf1 Ne8 14. Bf4 Bxc3 15. Qxc3 g5 16. Qg3 f6 17. h4 h6 18. Be2 Kh8 19. hxg5 Rf7 20. g6 1-0

[Event "Leipzig VfB op 24th"]
[Site "Leipzig"]
[Date "2017.03.23"]
[Round "5"]
[White "Rudolph, Juergen"]
[Black "Schmuck, Joerg"]
[Result "1-0"]
[WhiteElo "1781"]
[BlackElo "1399"]
[PlyCount "21"]
[EventDate "2017.03.21"]
[EventType "swiss"]
[EventRounds "9"]
[EventCountry "GER"]
[SourceTitle "EXT 2018"]
[Source "ChessBase"]
[SourceDate "2017.10.13"]
[SourceVersion "1"]
[SourceVersionDate "2017.10.13"]
[SourceQuality "1"]

1. b3 Nc6 2. e3 e5 3. Bb2 d5 4. Bb5 Bd6 5. f4 Qe7 6. Nf3 f6 7. fxe5 fxe5 8. 0-0 Bd7 9. Bxc6 Bxc6 10. Nxe5 Bxe5 11. Qh5+ 1-0

[Event "Leipzig VfB op 24th"]
[Site "Leipzig"]
[Date "2017.03.22"]
[Round "2"]
[White "Krongraf, Henryk"]
[Black "Schmuck, Joerg"]
[Result "1-0"]
[WhiteElo "1736"]
[BlackElo "1399"]
[PlyCount "109"]
[EventDate "2017.03.21"]
[EventType "swiss"]
[EventRounds "9"]
[EventCountry "GER"]
[SourceTitle "EXT 2018"]
[Source "ChessBase"]
[SourceDate "2017.10.13"]
[SourceVersion "1"]
[SourceVersionDate "2017.10.13"]
[SourceQuality "1"]

1. d4 e5 2. dxe5 Nc6 3. Nf3 Qe7 4. Qd5 f6 5. exf6 Nxf6 6. Qb3 b6 7. Bg5 Bb7 8. Nc3 h6 9. Nd5 Qd6 10. Bxf6 gxf6 11. 0-0-0 Na5 12. Qd3 0-0-0 13. e4 Bg7 14. Kb1 h5 15. Nh4 Qe5 16. f4 Qe6 17. Nf5 Bf8 18. Nd4 Qf7 19. Nb5 c6 20. Qc3 Kb8 21. b4 Rc8 22. Nxf6 Ka8 23. Rxd7 Be7 24. Nd6 Qe6 25. Rxe7 Qxd6 26. Rd7 Qxf4 27. bxa5 bxa5 28. Qd4 Rb8 29. Bc4 Bc8+ 30. Ka1 Bxd7 31. Nxd7 Rhd8 32. Rf1 Qg5 33. Qf6 Qxf6+ 34. Nxf6 Rd2 35. Bd3 Rxg2 36. Nxh5 Rxh2 37. Ng7 Rh7 38. Ne6 a4 39. e5 Re7 40. Bc4 a3 41. Rd1 Reb7 42. Bb3 Re7 43. Rd6 Rh7 44. Rd1 Rb5 45. Ba4 Rb6 46. Rd8+ Kb7 47. Nc5+ Kc7 48. Rd1 Rb8 49. Na6+ Kc8 50. Nxb8 Kxb8 51. Bxc6 Rc7 52. Rd8+ Rc8 53. Rxc8+ Kxc8 54. e6 Kd8 55. Kb1 1-0

[Event "Leipzig VfB op 23rd"]
[Site "Leipzig"]
[Date "2016.03.18"]
[Round "6"]
[White "Schmuck, Joerg"]
[Black "Barbara, Thierry"]
[Result "1/2-1/2"]
[WhiteElo "1402"]
[BlackElo "1526"]
[PlyCount "111"]
[EventDate "2016.03.15"]
[EventType "swiss"]
[EventRounds "9"]
[EventCountry "GER"]
[SourceTitle "EXT 2017"]
[Source "ChessBase"]
[SourceDate "2016.10.25"]
[SourceVersion "1"]
[SourceVersionDate "2016.10.25"]
[SourceQuality "1"]

1. c4 Nf6 2. Nc3 c6 3. d4 e6 4. Nf3 d5 5. c5 Qa5 6. Bd2 Qd8 7. g3 Ne4 8. Bg2 f5 9. 0-0 Be7 10. Qc1 Nd7 11. b4 0-0 12. Bf4 Ndf6 13. Ne5 Bd7 14. a3 Nxc3 15. Qxc3 a6 16. Qc1 Ng4 17. h3 Nxe5 18. Bxe5 Qe8 19. Bf3 Qg6 20. Kh2 Bg5 21. e3 Bf6 22. Bd6 Rfe8 23. Qd1 Qf7 24. Bh5 g6 25. Bf3 Qg7 26. Rg1 e5 27. Ra2 exd4 28. exd4 Bxd4 29. Rd2 Bf6 30. Bf4 g5 31. Rd3 Kh8 32. Be3 h6 33. Bc1 Re7 34. Bh5 Kh7 35. g4 Be5+ 36. Kh1 f4 37. f3 Be6 38. Qc2 Kh8 39. Rd2 Rd8 40. Re1 Bg8 41. Rde2 d4 42. Bg6 Bd5 43. Be4 Qf6 44. Bxd5 Rxd5 45. Qd3 Qg7 46. Qf5 Bf6 47. Qd3 Rxe2 48. Rxe2 Qf7 49. Bb2 Kg7 50. Re4 Qd7 51. Kg1 h5 52. Kg2 h4 53. Kf1 Qd8 54. Ke1 a5 55. Kd1 b5 56. Kc1 1/2-1/2

[Event "Leipzig VfB op 23rd"]
[Site "Leipzig"]
[Date "2016.03.16"]
[Round "3"]
[White "Ott, Herbert"]
[Black "Schmuck, Joerg"]
[Result "1/2-1/2"]
[WhiteElo "1649"]
[BlackElo "1402"]
[PlyCount "52"]
[EventDate "2016.03.15"]
[EventType "swiss"]
[EventRounds "9"]
[EventCountry "GER"]
[SourceTitle "EXT 2017"]
[Source "ChessBase"]
[SourceDate "2016.10.25"]
[SourceVersion "1"]
[SourceVersionDate "2016.10.25"]
[SourceQuality "1"]

1. e4 d5 2. exd5 Qxd5 3. Nc3 Qa5 4. d3 c6 5. Be2 Nf6 6. Nf3 g6 7. 0-0 Bg7 8. Qe1 Qc7 9. Ne4 0-0 10. Rb1 Bf5 11. Ng3 Be6 12. b3 Nbd7 13. Bb2 a5 14. a4 b5 15. Nd4 b4 16. Nxe6 fxe6 17. Bf3 e5 18. d4 exd4 19. Bxd4 Kh8 20. c4 Rae8 21. Qe6 c5 22. Bb2 Rd8 23. Rfe1 Rc8 24. Rbd1 Rfe8 25. Bg4 Rcd8 26. Bf3 Nf8 1/2-1/2

[Event "Leipzig VfB op 22nd"]
[Site "Leipzig"]
[Date "2015.03.08"]
[Round "9"]
[White "Neumann, Uwe"]
[Black "Schmuck, Joerg"]
[Result "1-0"]
[WhiteElo "1729"]
[BlackElo "1383"]
[PlyCount "75"]
[EventDate "2015.03.03"]
[EventType "swiss"]
[EventRounds "9"]
[EventCountry "GER"]
[SourceTitle "EXT 2016"]
[Source "ChessBase"]
[SourceDate "2015.10.08"]
[SourceVersion "1"]
[SourceVersionDate "2015.10.08"]
[SourceQuality "1"]

1. e4 d5 2. exd5 Qxd5 3. Nc3 Qa5 4. Nf3 c6 5. a3 Nf6 6. b4 Qc7 7. Bc4 g6 8. Bb2 Bg7 9. Rb1 0-0 10. 0-0 Bf5 11. d3 b5 12. Bb3 Nbd7 13. h3 Rae8 14. Re1 Nd5 15. Nxd5 cxd5 16. Bxg7 Kxg7 17. Bxd5 Nf6 18. Bb3 a6 19. Rc1 Qb7 20. Re3 Nd5 21. Bxd5 Qxd5 22. c4 Qb7 23. c5 Qc7 24. Qd2 e5 25. Qc3 f6 26. Rce1 Bd7 27. Nd2 g5 28. Ne4 Re6 29. g4 Rh8 30. d4 exd4 31. Qxd4 h5 32. Nxg5 Rxe3 33. Rxe3 hxg4 34. Re7+ Kg6 35. Rxd7 Qb8 36. Qxg4 fxg5 37. Rd6+ Kf7 38. Qd7+ 1-0

[Event "Leipzig VfB op 22nd"]
[Site "Leipzig"]
[Date "2015.03.07"]
[Round "7"]
[White "Schmuck, Joerg"]
[Black "Ditz, Roland"]
[Result "0-1"]
[WhiteElo "1383"]
[BlackElo "1709"]
[PlyCount "76"]
[EventDate "2015.03.03"]
[EventType "swiss"]
[EventRounds "9"]
[EventCountry "GER"]
[SourceTitle "EXT 2016"]
[Source "ChessBase"]
[SourceDate "2015.10.08"]
[SourceVersion "1"]
[SourceVersionDate "2015.10.08"]
[SourceQuality "1"]

1. c4 e5 2. Nc3 Nf6 3. e4 c6 4. Nf3 Qc7 5. d3 Be7 6. g3 0-0 7. Bg2 d6 8. 0-0 h6 9. Bd2 Bg4 10. h3 Be6 11. b3 Rd8 12. d4 exd4 13. Nxd4 Bd7 14. Nf5 Bxf5 15. exf5 Nbd7 16. Re1 Nc5 17. g4 Rd7 18. g5 hxg5 19. Bxg5 Rad8 20. b4 Na6 21. Rb1 d5 22. c5 b6 23. cxb6 axb6 24. Ne2 Nh7 25. Bxe7 Rxe7 26. Ng3 Nf6 27. Bf1 Nb8 28. Nh5 Qd6 29. Nxf6+ Qxf6 30. Rxe7 Qxe7 31. Qh5 Nd7 32. Bd3 Nf6 33. Qh4 Re8 34. f3 Qe3+ 35. Qf2 Qxd3 36. Re1 Rxe1+ 37. Qxe1 Qxf3 38. Qe7 Qxf5 0-1

[Event "Leipzig VfB op 21st"]
[Site "Leipzig"]
[Date "2014.03.07"]
[Round "6"]
[White "Schmuck, Joerg"]
[Black "Bielfeldt, Michael"]
[Result "0-1"]
[WhiteElo "1384"]
[BlackElo "1739"]
[PlyCount "60"]
[EventDate "2014.03.04"]
[EventType "tourn"]
[EventRounds "9"]
[EventCountry "GER"]
[SourceTitle "CBM 159 Extra"]
[Source "ChessBase"]
[SourceDate "2014.04.24"]
[SourceVersion "1"]
[SourceVersionDate "2014.04.24"]
[SourceQuality "1"]

1. c4 Nf6 2. Nc3 e6 3. Nf3 d5 4. b3 Be7 5. g3 0-0 6. Bg2 c6 7. 0-0 Nbd7 8. d4 Bd6 9. Bd2 b6 10. a3 Bb7 11. Qb1 Rc8 12. e4 dxe4 13. Nxe4 Nxe4 14. Qxe4 Nf6 15. Qb1 c5 16. Bc3 Qe7 17. Re1 cxd4 18. Nxd4 Bxg2 19. Kxg2 Rfd8 20. Nb5 Qb7+ 21. Kg1 Be7 22. Qc2 Rd7 23. Nd4 Rcd8 24. Ne2 Ne4 25. Nf4 Nxc3 26. Qxc3 Bf6 27. Qc1 Bxa1 28. Qxa1 Qf3 29. Rf1 Rd1 30. Qe5 Rxf1+ 0-1

[Event "Leipzig VfB op 21st"]
[Site "Leipzig"]
[Date "2014.03.06"]
[Round "5"]
[White "Knolmayer, Volker"]
[Black "Schmuck, Joerg"]
[Result "1-0"]
[WhiteElo "1748"]
[BlackElo "1384"]
[PlyCount "55"]
[EventDate "2014.03.04"]
[EventType "tourn"]
[EventRounds "9"]
[EventCountry "GER"]
[SourceTitle "CBM 159 Extra"]
[Source "ChessBase"]
[SourceDate "2014.04.24"]
[SourceVersion "1"]
[SourceVersionDate "2014.04.24"]
[SourceQuality "1"]

1. e4 d5 2. exd5 Qxd5 3. Nc3 Qa5 4. d4 c6 5. Nf3 Nf6 6. Bd3 g6 7. 0-0 Bg7 8. Bd2 Qc7 9. Ne2 Be6 10. c4 Nbd7 11. Bf4 Qc8 12. Rc1 0-0 13. h3 Nh5 14. Be3 Qd8 15. b3 f5 16. Qc2 b6 17. Rfe1 c5 18. d5 Bf7 19. Ng5 Ne5 20. Rcd1 Qc8 21. Nf4 Re8 22. Nxh5 Nxd3 23. Qxd3 gxh5 24. Nxf7 Kxf7 25. Bg5 Bf6 26. Bxf6 Kxf6 27. Re6+ Kg5 28. Qg3# 1-0

[Event "Leipzig VfB op 19th"]
[Site "Leipzig"]
[Date "2012.03.11"]
[Round "9"]
[White "Urban, Thomas"]
[Black "Schmuck, Joerg"]
[Result "1/2-1/2"]
[WhiteElo "1428"]
[BlackElo "1375"]
[PlyCount "60"]
[EventDate "2012.03.06"]
[EventType "swiss"]
[EventRounds "9"]
[EventCountry "GER"]
[SourceTitle "CBM 147 Extra"]
[Source "ChessBase"]
[SourceDate "2012.04.24"]
[SourceVersion "1"]
[SourceVersionDate "2012.04.24"]
[SourceQuality "1"]

1. e4 d5 2. exd5 Qxd5 3. Nc3 Qa5 4. d4 c6 5. Nf3 Bf5 6. Bd3 g6 7. 0-0 Bg7 8. Bxf5 Qxf5 9. Re1 Nf6 10. Re5 Qd7 11. Na4 b6 12. Qe2 Nd5 13. Re4 e6 14. c4 Nf6 15. Ne5 Qc7 16. Re3 0-0 17. Rf3 Nbd7 18. Bf4 Nxe5 19. Bxe5 Qe7 20. c5 Qd8 21. Bd6 Re8 22. Qe5 Nd5 23. Qe4 f5 24. Qd3 e5 25. dxe5 Bxe5 26. Bxe5 Rxe5 27. cxb6 axb6 28. Nc3 Nxc3 29. Qxc3 Qd6 30. Re3 Rae8 1/2-1/2

[Event "Leipzig VfB op 18th"]
[Site "Leipzig"]
[Date "2011.03.26"]
[Round "8"]
[White "Halas, Lena"]
[Black "Schmuck, Joerg"]
[Result "1-0"]
[WhiteElo "1443"]
[BlackElo "1117"]
[PlyCount "109"]
[EventDate "2011.03.20"]
[EventType "swiss"]
[EventRounds "9"]
[EventCountry "GER"]
[SourceTitle "CBM 141 Extra"]
[Source "ChessBase"]
[SourceDate "2011.05.03"]
[SourceVersion "1"]
[SourceVersionDate "2011.05.03"]
[SourceQuality "1"]

1. e4 d5 2. exd5 Qxd5 3. Nc3 Qa5 4. d4 c6 5. Bf4 Be6 6. Be2 Nf6 7. Nf3 g6 8. Qd2 Bg7 9. Ng5 0-0 10. Nxe6 fxe6 11. g4 Nbd7 12. Bh6 Rad8 13. Bxg7 Kxg7 14. 0-0-0 Qc7 15. h4 Ng8 16. Bd3 h6 17. Kb1 Qf4 18. Qe2 e5 19. dxe5 Nxe5 20. f3 Nxf3 21. Rhf1 Qxg4 22. Rg1 Qxh4 23. Rxg6+ Kh8 24. Qg2 Ng5 25. Rh1 Qf4 26. Qxg5 Qxg5 27. Rxg5 b5 28. Rg6 Rd6 29. Rhg1 Rxg6 30. Rxg6 Rf6 31. Rg4 Re6 32. a3 Rf6 33. Ne4 Rf8 34. Nc5 Rd8 35. Ne6 Rd6 36. Rg7 Nf6 37. Rxe7 Rd7 38. Rxd7 Nxd7 39. Nd4 Ne5 40. Be4 c5 41. Nxb5 a5 42. Nd6 a4 43. Nb7 c4 44. Nc5 h5 45. Nxa4 h4 46. Bg2 Kg7 47. Nc5 Kf6 48. Bh3 Kg5 49. Ne6+ Kf6 50. Nd4 Kg5 51. Ne2 Nf3 52. Kc1 Ne5 53. a4 Nc6 54. Kd2 Na5 55. Kc3 1-0

[Event "Leipzig VfB op 18th"]
[Site "Leipzig"]
[Date "2011.03.26"]
[Round "7"]
[White "Truong, Van Trang"]
[Black "Schmuck, Joerg"]
[Result "1/2-1/2"]
[WhiteElo "1336"]
[BlackElo "1117"]
[PlyCount "56"]
[EventDate "2011.03.20"]
[EventType "swiss"]
[EventRounds "9"]
[EventCountry "GER"]
[SourceTitle "CBM 141 Extra"]
[Source "ChessBase"]
[SourceDate "2011.05.03"]
[SourceVersion "1"]
[SourceVersionDate "2011.05.03"]
[SourceQuality "1"]

1. e4 d5 2. exd5 Qxd5 3. Nc3 Qa5 4. d4 c6 5. Bd2 Qb6 6. Nf3 Nf6 7. Bc4 Bf5 8. Na4 Qc7 9. 0-0 g6 10. Nc3 Bg7 11. Re1 0-0 12. h3 h5 13. Bg5 e6 14. Qd2 Nbd7 15. Bf4 Qd8 16. Ne5 Nxe5 17. Bxe5 b5 18. Bb3 a5 19. a4 b4 20. Ne2 Ne4 21. Qd1 Qh4 22. Bg3 Nxg3 23. Nxg3 Bxd4 24. Rb1 Bb6 25. Qf3 Rab8 26. Re2 Rbc8 27. Rd1 Rfd8 28. Rde1 Re8 1/2-1/2

[Event "Leipzig VfB op 18th"]
[Site "Leipzig"]
[Date "2011.03.23"]
[Round "3"]
[White "Jahn, Jens"]
[Black "Schmuck, Joerg"]
[Result "1-0"]
[WhiteElo "1627"]
[BlackElo "1117"]
[PlyCount "53"]
[EventDate "2011.03.20"]
[EventType "swiss"]
[EventRounds "9"]
[EventCountry "GER"]
[SourceTitle "CBM 141 Extra"]
[Source "ChessBase"]
[SourceDate "2011.05.03"]
[SourceVersion "1"]
[SourceVersionDate "2011.05.03"]
[SourceQuality "1"]

1. d4 e5 2. dxe5 Nc6 3. Nf3 Qe7 4. Bf4 Qb4+ 5. Bd2 Qxb2 6. Nc3 Nb4 7. Rc1 d5 8. exd6 Bxd6 9. e3 Be6 10. Nb5 Nxa2 11. Rb1 Qf6 12. Nxd6+ cxd6 13. Nd4 Ne7 14. Nxe6 Qxe6 15. Bb5+ Nc6 16. 0-0 0-0 17. Qe2 Ne5 18. f4 Nd7 19. Bc4 Qe7 20. Rxb7 Rfc8 21. Bxa2 Rxc2 22. Bb3 Rcc8 23. Ba4 Rd8 24. Qb5 Rab8 25. Rxd7 Rxb5 26. Rxe7 Rbb8 27. Rxa7 1-0

[Event "Leipzig VfB op 16th"]
[Site "Leipzig"]
[Date "2009.04.02"]
[Round "4"]
[White "Jahn, Jens"]
[Black "Schmuck, Joerg"]
[Result "1-0"]
[WhiteElo "1271"]
[BlackElo "1152"]
[PlyCount "85"]
[EventDate "2009.03.31"]
[EventType "swiss"]
[EventRounds "9"]
[EventCountry "GER"]
[SourceTitle "EXT 2010"]
[Source "ChessBase"]
[SourceDate "2010.11.25"]
[SourceVersion "1"]
[SourceVersionDate "2010.11.25"]
[SourceQuality "1"]

1. d4 d5 2. c4 Nf6 3. cxd5 Nxd5 4. e4 Nb6 5. Nf3 e6 6. Nc3 c6 7. a4 a5 8. Qb3 Bb4 9. Bd3 0-0 10. Be3 N6d7 11. e5 c5 12. Bg5 Qe8 13. d5 Nb6 14. 0-0-0 c4 15. Bxc4 Nxc4 16. Qxc4 Bd7 17. Nb5 Bxb5 18. axb5 Qc8 19. Rd4 exd5 20. Qc2 Qxc2+ 21. Kxc2 Rc8+ 22. Kb1 Rc5 23. Rc1 Nd7 24. Rxc5 Nxc5 25. Rxd5 h6 26. Be7 Ne4 27. Bxb4 axb4 28. Rd7 b3 29. Rd3 Nc5 30. Rc3 b6 31. Nd2 Re8 32. f4 f6 33. Nxb3 Nxb3 34. Rxb3 fxe5 35. Re3 e4 36. Kc2 Kf7 37. Kc3 Kf6 38. g4 g5 39. Kd4 gxf4 40. Rxe4 Rxe4+ 41. Kxe4 Kg5 42. Kf3 h5 43. gxh5 1-0